| Tag |
First Indicator |
Second Indicator |
Subfields |
| LEADER |
00000cas a2200000 a 4500 |
| 001 |
in00000422313 |
| 005 |
20151012054057.0 |
| 008 |
821112d19751984enkuu m 0uuua0eng d |
| 010 |
|
|
|a sn 84011496
|
| 012 |
|
|
|i 8406
|
| 035 |
|
|
|a (OCoLC)08950468
|
| 035 |
|
|
|9 ABU6507AM
|
| 040 |
|
|
|a ORE
|c ORE
|d OCL
|d NST
|d TXA
|d UtOrBLW
|
| 042 |
|
|
|a nst
|
| 049 |
|
|
|a TXAE
|
| 090 |
|
|
|a PR6019.O9
|b F5981
|
| 245 |
0 |
2 |
|a A Wake newslitter monograph.
|
| 264 |
|
1 |
|a Colchester, Essex :
|b A Wake Newslitter Press.
|
| 300 |
|
|
|a 9 volumes ;
|c 21 cm.
|
| 336 |
|
|
|a text
|b txt
|2 rdacontent
|
| 337 |
|
|
|a unmediated
|b n
|2 rdamedia
|
| 338 |
|
|
|a volume
|b nc
|2 rdacarrier
|
| 362 |
0 |
|
|a No. 1 (1975)-no. 9 (1984).
|
| 500 |
|
|
|a Description based on: Number 6.
|
| 500 |
|
|
|a Issues have individual titles.
|
| 600 |
1 |
0 |
|a Joyce, James,
|d 1882-1941.
|t Finnegans wake.
|
| 710 |
2 |
|
|a University of Essex.
|b Department of Literature.
|
| 999 |
|
|
|a MARS
|
| 999 |
f |
f |
|s 9c16ad54-7bc9-3c3d-a0e9-f11e26e5c672
|i 719dac5b-8c46-3078-8742-3e04ed0b56ae
|t 0
|
| 952 |
f |
f |
|p normal
|a Texas A&M University
|b College Station
|c Sterling C. Evans Library
|d Evans: Library Stacks
|t 0
|e PR6019.O9 F5981
|h Library of Congress classification
|i unmediated -- volume
|k no.7
|l 1982
|m A14809396667
|
| 952 |
f |
f |
|p normal
|a Texas A&M University
|b College Station
|c Sterling C. Evans Library
|d Evans: Library Stacks
|t 0
|e PR6019.O9 F5981
|h Library of Congress classification
|i unmediated -- volume
|k no.2
|l 1977
|m A14809735976
|
| 952 |
f |
f |
|p normal
|a Texas A&M University
|b College Station
|c Sterling C. Evans Library
|d Evans: Library Stacks
|t 0
|e PR6019.O9 F5981
|h Library of Congress classification
|i unmediated -- volume
|k no.5
|l 1980
|m A14809396528
|
| 952 |
f |
f |
|p normal
|a Texas A&M University
|b College Station
|c Sterling C. Evans Library
|d Evans: Library Stacks
|t 0
|e PR6019.O9 F5981
|h Library of Congress classification
|i unmediated -- volume
|k no.9
|l 1984
|m A14809396552
|
| 952 |
f |
f |
|p normal
|a Texas A&M University
|b College Station
|c Sterling C. Evans Library
|d Evans: Library Stacks
|t 0
|e PR6019.O9 F5981
|h Library of Congress classification
|i unmediated -- volume
|k no.1:pt.2
|l 1976
|m A14809735926
|
| 952 |
f |
f |
|p normal
|a Texas A&M University
|b College Station
|c Sterling C. Evans Library
|d Evans: Library Stacks
|t 0
|e PR6019.O9 F5981
|h Library of Congress classification
|i unmediated -- volume
|k no.4
|l 1979
|m A14809735829
|
| 952 |
f |
f |
|p normal
|a Texas A&M University
|b College Station
|c Sterling C. Evans Library
|d Evans: Library Stacks
|t 0
|e PR6019.O9 F5981
|h Library of Congress classification
|i unmediated -- volume
|k no.8
|l 1983
|m A14809396366
|
| 952 |
f |
f |
|p normal
|a Texas A&M University
|b College Station
|c Sterling C. Evans Library
|d Evans: Library Stacks
|t 0
|e PR6019.O9 F5981
|h Library of Congress classification
|i unmediated -- volume
|k no.6
|l 1981
|m A14809396007
|
| 952 |
f |
f |
|p normal
|a Texas A&M University
|b College Station
|c Sterling C. Evans Library
|d Evans: Library Stacks
|t 0
|e PR6019.O9 F5981
|h Library of Congress classification
|i unmediated -- volume
|k no.1:pt.1
|l 1975
|m A14809735879
|
| 998 |
f |
f |
|a PR6019.O9 F5981
|s no.1 (1975/1976)-no.2 (1977),no.4 (1979)-no.9 (1984)
|t 0
|l Evans: Library Stacks
|